logo

Bir Sreshtho Munshi Abdur Rouf Library
Jhenaidah Cadet College

The nature of mathematics / (Record no. 5323)

MARC details
000 -LEADER
fixed length control field 00685cam a2200265 a 4500
001 - CONTROL NUMBER
JCCL Control Number 5323
003 - CONTROL NUMBER IDENTIFIER
JCCL marc code BD-JhCC
005 - DATE AND TIME OF LATEST TRANSACTION
control field 20171212174313.0
008 - FIXED-LENGTH DATA ELEMENTS--GENERAL INFORMATION
fixed length control field 860424s1987 caua 001 0 eng
020 ## - INTERNATIONAL STANDARD BOOK NUMBER
International Standard Book Number 0534066968
035 ## - SYSTEM CONTROL NUMBER
system control number (BD-JhCC)5323
040 ## - CATALOGING SOURCE
Original cataloging agency DLC
Transcribing agency DLC
Modifying agency DLC
041 ## - LANGUAGE CODE
Language code of Book eng
050 00 - LIBRARY OF CONGRESS CALL NUMBER
Classification number QA39.2
Item number .S6 1987
082 00 - DEWEY DECIMAL CLASSIFICATION NUMBER
Classification number 512/.1
DDC Edition number 19
Author mark and Year SMI 1987
100 1# - MAIN ENTRY--PERSONAL NAME
Personal name Smith, Karl J.
245 14 - TITLE STATEMENT
Title The nature of mathematics /
Statement of responsibility, etc Karl J. Smith.
250 ## - EDITION STATEMENT
Edition statement 5th ed.
260 ## - PUBLICATION, DISTRIBUTION, ETC. (IMPRINT)
Place of publication, distribution, etc Monterey, Calif. :
Name of publisher, distributor, etc Brooks/Cole Pub. Co.,
Date of publication, distribution, etc c1987.
300 ## - PHYSICAL DESCRIPTION
Pagination xiv, 674 p. :
Other physical details ill. ;
Dimensions 25 cm.
500 ## - GENERAL NOTE
General note Includes indexes.
650 #0 - SUBJECT ADDED ENTRY--TOPICAL TERM
Topical term or geographic name as entry element Mathematics.
942 ## - ADDED ENTRY ELEMENTS (KOHA)
Source of classification or shelving scheme Dewey Decimal Classification
Koha item type Books
Holdings
Source of classification or shelving scheme Damaged status Not for loan Home library Current library Shelving location Total Checkouts Full call number Barcode Date last seen Copy number Koha item type
Dewey Decimal Classification     JCC Rouf Library JCC Rouf Library General Stacks   512/.1 SMI 1987 7119 12/12/2017 C - 1 Books

JCC Library | Contacts | JCC Home

Last Update on 23 September 2017
Copyright @ 2017-2020 JCC Rouf Library
Rouf Library, Jhenidah Cadet College (JCC), Bangladesh